000 00484cam a2200193ua 4500
001 1845
005 20260515113416.0
008 110811n ii |||gr||||Z||||||eng
040 _cMAIN
082 _a370.54
100 _aBasu, Anathnath,
245 1 _aEducation in modern india
_cby Anathnath Basu
250 _a1st.
260 _aNew Delhi:
_bCosmo publication.,992.
300 _aii; :
_b184p;
_c23cm.
653 _aEducation
653 _aEducation in modern india
942 _cBK
999 _c1727
_d1727